000 00283nam a22001217a 4500
008 160505b xxu||||| |||| 00| 0 eng d
020 _a9780135153871
020 _a0135153875
041 _aeng
080 _a61
245 _aProfessionalism in health care:
_cSherry Makely;
942 _2udc
_cBK
999 _c1836
_d1836